Estadísticas para FLAGS&FLAGS

Haz click aquí para intentar la prueba.

Estadísticas generales

  • Esta prueba ha sido intentada 104 veces
  • La puntuación promedio es 18 de 24

Estadísticas de respuestas

Respuesta% Correcto
FINLANDIA
96%
ISRAEL
95%
CHIPRE
94%
ECUADOR
91%
GEORGIA
88%
AUSTRIA
87%
ESTONIA
86%
COREA DEL NORTE
85%
TAILANDIA
82%
GALES
80%
ARGELIA
76%
ARMENIA
76%
SINGAPUR
73%
MOLDAVIA
72%
SOMALIA
72%
LIECHTENSTEIN
66%
HAITÍ
65%
LIBIA
59%
PAPÚA NUEVA GUINEA
59%
BELICE
58%
LIBERIA
58%
SURINAM
53%
SUDÁN DEL SUR
49%
UZBEKISTÁN
48%

Distribución de puntuación

Porcentaje por número respondido

Porcentaje de gente con cada puntuación

Historial de tus puntuaciones

No has intentado esta prueba.